| Поле | Инд. | ПП | Название | Значение |
|---|---|---|---|---|
| Тип записи | a | |||
| Библиографический уровень | a | |||
| 001 | Контрольный номер | ff95a8f2f06f45c8ab21b59dbc76e7f5 | ||
| 005 | Дата корректировки | 20160705103538.0 | ||
| 020 | a | ISBN | 978-5-906429-11-7 | |
| 040 | a | Служба первич. каталог. | НБ ТвГУ | |
| b | Код языка каталог. | rus | ||
| e | Правила каталог. | PSBO | ||
| 041 | 0_ | a | Код языка текста | rus |
| 097 | b | Оператор | stanislav | |
| 100 | 1_ | a | Автор | Бондарь Николай Семенович |
| q | Полное имя | Бондарь Н. С. | ||
| 245 | 10 | a | Заглавие | Институт выборов губернаторов и его эволюция в зеркале конституционного правосудия |
| 260 | a | Место издания | Ростов-на-Дону | |
| b | Издательство | Печатная лавка | ||
| 504 | a | Библиография | Библиогр. в подстроч. примеч. | |
| 520 | 0_ | a | Аннотация | В статье подробно охарактеризована эволюция региональных и муниципальных избирательных систем, влияние конституционного правосудия на развитие института выборов глав субъектов РФ. Авторы представляют эволюцию исторических моделей замещения должности губернатора с позиций конституционного права. Делается вывод о приверженности Конституционного суда РФ эволюционному толкованию конституционных принципов, лежащих в в основе концепции института главы субъекта РФ. |
| 653 | 0_ | a | Ключевые слова | Конституционный Суд РФ |
| a | Ключевые слова | Президент РФ | ||
| a | Ключевые слова | Главы субъектов РФ | ||
| a | Ключевые слова | Избирательные системы | ||
| a | Ключевые слова | Выборы губернаторов | ||
| 700 | 12 | a | Другие авторы | Джагарян Армен Арменович |
| q | Полное имя | Джагарян А. А. | ||
| 773 | 18 | w | Контрольный № источника | e0c26ba6dde64d888c3f415e4cfeadff |
| t | Название источника | Эволюция региональных и муниципальных избирательных систем | ||
| d | Место и дата издания | Ростов-на-Дону : Печатная лавка, 2015 | ||
| g | Прочая информация | С. 19-44 | ||
| 901 | t | Тип документа | a | |
| 920 | a | Оператор | Стан |